1844 1770 1059 1554 1358 1943 1900 1230 1096 1029 1539 1011 1874 1347 1422 1838 1027 1846 1940 1810 1133 1093 1216 1016 1133 1376 1809 1670 1073 1001 1918 1762 1448 1033 1008 1686 1595 1175 1102 1122 1238 1907 1887 1729 1594 1456 1570 1457 1826 1405 1332 1976 1870 1737 1342 1207 1358 1627 1691 1204 1086 1797 1879 1675 1743 1539 1170 1001 1666 1012 1597 1588 1333 1199 1571 1309 1064 1314 1358 1648 1068 1175 1702 1279 1915 1375 1511 1468 1178 1870 1071 1407 1284 1079 1710 1744 1914 1017 1095 BCNSPRNW ULIB Ver.6.0+V

เปลี่ยนเป็นภาษาไทย

Change to English
 แสดงรายละเอียดบรรณานุกรม
  กลับหน้าหลัก

Brief Record : Get Marc (ISO 2709) : E-mail record : QR code < ปิดหน้าต่าง
LEADER : 00000nam 2200000uu 4500
001    13399122701
003     ULIB
008    130902s2553||||th 000 0 tha d
020    ^a9789743844454
050  4 ^aHD37.T5^bธ311ก
100 0  ^aธร สุนทรายุทธ
245 10 ^aการบริหารจัดการเชิงจิตวิทยา :^bหลักการการประยุกต์และกรณีศึกษา /^cธร สุนทรายุทธ
250    ^aพิมพ์ครั้งที่ 1
260    ^aกรุงเทพฯ :^bเนติกุลการพิมพ์,^c2553
300    ^a410 หน้า
650  0 ^aการบริหาร
650  0 ^aการบริหาร^xแง่จิตวิทยา
650  0 ^aการจัดการ
650  0 ^aจิตวิทยา
945    ^p330^l0^i20143
999    ^aทศพร เกษรทอง
รายการนี้ยังไม่มีแท็ก
คุณยังไม่ได้ล็อกอิน คุณสามารถมีกิจกรรมร่วมกับเว็บไซต์ได้ แต่ต้องล็อกอินก่อน ::
  ล็อกอิน

รายการสื่อสารสนเทศ

ลำดับที่ ประเภท เลขเรียก/บาร์โค้ด สถานที่ สถานะ
1. การศึกษาทั่วไป
การศึกษาทั่วไป
HD37.T5 ธ311ก ฉ.1 
  Barcode: 20143
ห้องสมุดวิทยาเขตนครสวรรค์
►หนังสือทั่วไป:l:General Books
บนชั้น

รายการใกล้เคียง
    ผู้แต่ง [ธร สุนทรายุทธ]

    หัวเรื่อง [การบริหาร]
    หัวเรื่อง [การจัดการ]
    หัวเรื่อง [จิตวิทยา]

BibComment


ยังไม่เคยถูกคอมเมนท์

คอมเมนท์ทรัพยากรรายการนี้
  คอมเมนท์: การบริหารจัดการเ..


 Copyright 2026. Bcnsprnw @Library